|
|
|
|
| LEADER |
00000cam a2200000 a 4500 |
| 005 |
20111219112512.0 |
| 007 |
co |||| ||||| |
| 008 |
071220s2007 spc|||| 000 0 spa|| |
| 017 |
|
|
|a DL B. 52690-2007
|b Biblioteca de Catalunya
|
| 020 |
|
|
|a 9788476987964 (Bosch)
|
| 035 |
|
|
|a 6047
|
| 040 |
|
|
|d vLex
|
| 043 |
|
|
|a e------
|
| 080 |
|
|
|a 343:341.4(4-6)
|
| 090 |
|
|
|c 2844
|d 2844
|
| 245 |
0 |
3 |
|a La Cooperacin̤ judicial civil y penal en el m̀bito de la Unin̤ Europea
|h [Recurso electrn̤ico] :
|b instrumentos procesales /
|c Mar Jimeno Bulnes (coord.) ... [et al.]
|
| 256 |
|
|
|a Servicio en ln̕ea
|
| 260 |
|
|
|a Barcelona :
|b Bosch,
|c 2007
|
| 300 |
|
|
|a 1 recurso electrn̤ico
|
| 504 |
|
|
|a Referencias bibliogrf̀icas y notas
|
| 506 |
1 |
|
|a Contenido solo disponible en los productos indicados
|d vLex Global
|d vLex Global (Academic Edition, excluding Law Schools)
|d vLex Global (U.S. Academic Edition, Law Schools)
|d vLex Global (U.S. Academic Edition, excluding Law Schools)
|d vLex Global (Academic Edition, Law Schools)
|
| 650 |
0 |
4 |
|a Cooperacin̤ judicial
|z Unin̤ Europea, Pas̕es de la
|
| 650 |
0 |
4 |
|a Derecho civil
|z Comunidad Europea, pas̕es de la
|
| 650 |
0 |
4 |
|a Derecho penal
|z Comunidad Europea, Pas̕es de la
|
| 650 |
0 |
4 |
|a Derecho civil
|z Unin̤ Europea, Pas̕es de la
|
| 650 |
0 |
4 |
|a Derecho penal
|z Unin̤ Europea, Pas̕es de la
|
| 700 |
1 |
|
|a Jimeno Bulnes, Mar
|
| 740 |
0 |
|
|a vLex Libros (Servicio en ln̕ea)
|
| 856 |
4 |
0 |
|u http://vlex.com/source/cooperacion-judicial-civil-penal-ambito-union-europea-instrumentos-procesales-6047
|z Acceso restringido
|
| 942 |
|
|
|c BOOK
|